| 000 | 02952nam a22003857a 4500 | ||
|---|---|---|---|
| 005 | 20090119143636.0 | ||
| 008 | 090119t xxu||||| |||| 00| 1 eng d | ||
| 010 | _aB-344217-227 | ||
| 020 |
_a8170119731 _c20.00 |
||
| 020 |
_a978170119738 _c20.00 |
||
| 035 | _aB-344217-227 | ||
| 037 | _bTarun Books | ||
| 040 |
_adpl _bEnglish |
||
| 082 | _aS | ||
| 100 | _aPradhan, Vidya | ||
| 110 | _aillustrated by Saurabh Pandey | ||
| 245 |
_aThe milkman's cow / _cby Vidya Pradhan; illustrated by Saurabh Pandey _hEnglish |
||
| 260 |
_aNew Delhi _bChildren Book Trust _c2009 (repr.) |
||
| 270 |
_aNehru House, 4 Bahadur Shah Zafar Marg _bNew Delhi _e110002 _k23316970-74 _l23721090 _mcbtnd@vsnl.com |
||
| 300 |
_a24p. _c18cm. (pbk) _bcol. ill. |
||
| 700 | _aPandey, Saurabh | ||
| 942 |
_2ddc _cCH _hS _mPRA |
||
| 999 |
_c21413 _d21413 |
||